Những câu chuyện thú vị : Truyện cổ M'nông

שמור ב:
מידע ביבליוגרפי
פורמט: ספר
שפה:Undetermined
יצא לאור: Hà Nội Hội nhà văn 2020
נושאים:
תגים: הוספת תג
אין תגיות, היה/י הראשונ/ה לתייג את הרשומה!
Thư viện lưu trữ: Trung tâm Học liệu Trường Đại học Cần Thơ
LEADER 00584nam a2200181Ia 4500
001 CTU_240000
008 210402s9999 xx 000 0 und d
082 |a 398.209597 
082 |b Nh556 
245 0 |a Những câu chuyện thú vị : 
245 0 |b Truyện cổ M'nông 
245 0 |c Bùi Minh Vũ (Sưu tầm, biên soạn) 
260 |a Hà Nội 
260 |b Hội nhà văn 
260 |c 2020 
650 |a Văn học dân gian Việt Nam,Folk literature, Vietnamese 
910 |b nthai 
980 |a Trung tâm Học liệu Trường Đại học Cần Thơ